Statistiques concernant Evénements du 2 décembre

Cliquez ici pour prendre le quiz!

Statistiques générales

  • Ce quiz a été pris 57 fois
  • Le résultat moyen est 7 sur 15

Statistiques - réponses

HintRéponse% Correct
Sortie du clip de Thriller de Mickael Jackson1983
86%
Sacre de Napoléon 1er1804
84%
Bataille d'Austerlitz1805
84%
Fidel Castro débarque à Cuba1956
80%
Ouverture des Etats généraux par Jean II le Bon1355
69%
Mort de Philippe d'Orléans, le régent1723
51%
Démission de Jules Grévy suite au scandale des décorations1887
47%
Proclamation du Second empire1852
43%
Indépendance des Emirats Arabes Unis1971
43%
Coup d'Etat de Louis Napoléon Bonaparte1851
35%
Pu Yi devient empereur de Chine1908
33%
Le président Monroe présente sa doctrine "L'Amérique aux Américains"1823
29%
Ferdinand 1er d'Autriche abdique en faveur de son fils François-Joseph1848
22%
Fidel Castro devient président de Cuba1976
22%
Création de la SPA en France1845
12%

Distribution des résultats

Percentile par nombre de réponses

% des personnes avec chaque résultat

Votre développement - résultats

Vous n’avez pas pris ce quiz